| 000 | 00474nam a2200181Ia 4500 | ||
|---|---|---|---|
| 008 | 240925s9999 xx 000 0 und d | ||
| 020 | _a553352601 | ||
| 082 | _a005.43 NOR | ||
| 100 | _aNorton,, Peter; Hahn, Harley | ||
| 245 | 0 | _aGuide to Unix | |
| 250 | _aNA | ||
| 260 |
_aNew Delhi: _bBatman Book _c,1991. |
||
| 300 |
_axx, 790p. _bNA _fOriginal |
||
| 500 | _aNA | ||
| 600 | _aComputer Science | ||
| 650 | _aComputer science, information & general works | ||
| 942 | _cBK | ||
| 999 |
_c2622 _d2622 |
||